<?xml version="1.0" encoding="UTF-8"?>
<collection xmlns="http://www.loc.gov/MARC21/slim">
 <record>
  <leader>     na                 </leader>
  <controlfield tag="001">INLIS000000000007651</controlfield>
  <controlfield tag="005">20150112151531.0</controlfield>
  <datafield tag="035" ind1=" " ind2=" ">
   <subfield code="a">0010-011500000000424</subfield>
  </datafield>
  <datafield tag="082" ind1=" " ind2=" ">
   <subfield code="a">320</subfield>
  </datafield>
  <datafield tag="100" ind1=" " ind2=" ">
   <subfield code="a">KH Abdurrahman wahid</subfield>
  </datafield>
  <datafield tag="245" ind1=" " ind2=" ">
   <subfield code="a">9 tahun pkb kritik &amp; harapan</subfield>
  </datafield>
  <datafield tag="250" ind1=" " ind2=" ">
   <subfield code="a">1</subfield>
  </datafield>
  <datafield tag="260" ind1=" " ind2=" ">
   <subfield code="a">Jakarta Selatan</subfield>
   <subfield code="b">panitia nasional harlah ke 9 pkb</subfield>
   <subfield code="c">2007</subfield>
  </datafield>
  <datafield tag="300" ind1=" " ind2=" ">
   <subfield code="a">x 237 hlm 21 cm</subfield>
  </datafield>
  <datafield tag="990" ind1=" " ind2=" ">
   <subfield code="a">695</subfield>
  </datafield>
 </record>
</collection>
